Brawl Stars - Les brawlers ne possédant pas d'armes - Statistiques

Statistiques générales
  • Ce quiz a été pris 1 148 fois
    440 depuis la dernière actualisation
  • Le résultat moyen est 19 sur 42
Statistiques - réponses
rareté brawler % Correct
rare El Costo
87%
rare Rosa
87%
rare Nita
77%
rare Poco
77%
légendaire Spike
70%
super rare Gus
66%
légendaire Kit
65%
épique Edgar
62%
légendaire Emeri
57%
légendaire Surge
57%
légendaire Chester
55%
légendaire Draco
52%
épique Eliz@
47%
épique Hank
45%
mythique Tara
45%
mythique D'jinn
44%
mythique Fang
42%
mythique Buzz
41%
mythique Mico
40%
mythique Willow
40%
épique Béa
39%
mythique Wally
39%
épique Berry
38%
épique Colette
38%
épique Gael
38%
épique Griff
38%
épique Shade
38%
épique Ash
36%
mythique Chuck
36%
mythique Doug
36%
mythique Lou
36%
épique Pearl
36%
mythique Squeak
36%
épique Nani
35%
mythique Juju
34%
mythique Melody
34%
mythique Eve
33%
épique Lola
33%
mythique Charlie
31%
mythique Gray
31%
mythique Monsieur M.
31%
mythique R-T
31%
Aucun quiz correspondant
Distribution des résultats
% des personnes avec chaque résultat
Percentile par nombre de réponses
Votre historique - résultats
Vous n’avez pas pris ce quiz depuis la dernière actualisation